000 00535nam a2200193Ia 4500
003 OSt
005 20250203092927.0
008 210210b1972 xxu||||| |||| 00| 0 eng d
040 _cAL
041 _aKannada
082 _aK894.3 JAND
100 _aJANARDANA GURKAR.
_dಜನಾರ್ದನ ಗುರ್ಕರ್
_9197044
245 _aDrashtihina.
_bದೃಷ್ಟಿಹೀನ.
260 _aMaisuru
_bTa Vem Smaraka Granthamale
_c1972
300 _a184
690 _aKannada Fiction
_9197045
906 _a030350
942 _2ddc
_cBK
999 _c81546
_d81546